Catálogo

ADMINISTRACION : (Registro nro. 45398)

Detalles MARC
000 -LEADER
fixed length control field 01105nam a2200217 a 4500
001 - CONTROL NUMBER
control field 45398
005 - DATE AND TIME OF LATEST TRANSACTION
control field 20180714024557.0
008 - FIXED-LENGTH DATA ELEMENTS--GENERAL INFORMATION
fixed length control field 140415s2003 mx 000 0 spa d
020 ## - INTERNATIONAL STANDARD BOOK NUMBER
International Standard Book Number 9701043782
041 ## - LANGUAGE CODE
Language code of text/sound track or separate title spa
082 ## - DEWEY DECIMAL CLASSIFICATION NUMBER
Classification number 658
Item number BAT
100 1# - MAIN ENTRY--PERSONAL NAME
Personal name BATEMAN, THOMAS S.
245 10 - TITLE STATEMENT
Title ADMINISTRACION :
Remainder of title UNA VENTAJA COMPETITIVA
250 ## - EDITION STATEMENT
Edition statement 1a ed.
260 ## - PUBLICATION, DISTRIBUTION, ETC.
Place of publication, distribution, etc. MEXICO :
Name of publisher, distributor, etc. MCGRAW-HILL INTERAMERICANA EDITORES,
Date of publication, distribution, etc. 2003
300 ## - PHYSICAL DESCRIPTION
Extent 189
Dimensions 21 x 3.5 x 27
520 ## - SUMMARY, ETC.
Summary, etc. LA ADMINISTRACIÓN ES EL PROCESO DE TRABAJAR CON GENTE Y RECURSOS PARA ALCANZAR LAS METAS ORGANIZACIONALES. LOS BUENOS GERENTES HACEN ESAS COSAS CON EFICACIA Y CON EFICACIA Y CON EFICIENCIA. SER EFICAZ ES LOGRAR LAS METAS ORGANIZACIONALES. SER EFICIENTE ES HACERLO CON EL MINIMO DE RECURSOS, ES DECIR UTILIZAR EL DINERO, EL TIEMPO, LOS MATERIALES Y LAS PERSONAS DE LA MEJOR MANERA POSIBLE. ALGUNOS GERENTES FRACASAN EN AMBOS, O SE CENTRAN EN UNO A EXPENSAS DEL OTRO. LOS MEJORES GERENTES MA
650 14 - SUBJECT ADDED ENTRY--TOPICAL TERM
Topical term or geographic name entry element ADMINISTRACION
740 ## - ADDED ENTRY--UNCONTROLLED RELATED/ANALYTICAL TITLE
Uncontrolled related/analytical title MANAGEMENT. BUILDING COMPETITIVE ADVANTAGE
700 1# - ADDED ENTRY--PERSONAL NAME
Personal name SNELL, SCOTT A.
Relator term coaut.
Existencias
Withdrawn status Lost status Source of classification or shelving scheme Damaged status Not for loan Home library Current library Shelving location Date acquired Source of acquisition Total Checkouts Full call number Barcode Price effective from Koha item type Collection code Date last seen Inventory number Date last checked out Total Renewals
  Extraviado Dewey Decimal Classification     Biblioteca Karol Wojtyla Biblioteca Karol Wojtyla   03/12/2013 Compra   658 BAT 68375 03/12/2013 Libro          
    Dewey Decimal Classification     Biblioteca Karol Wojtyla Biblioteca Karol Wojtyla Sala general 03/12/2013 Compra   658 BAT 68255 03/12/2013 Libro General 05/01/2026 151000000000000000020704 26/11/2016  
    Dewey Decimal Classification     Biblioteca Karol Wojtyla Biblioteca Karol Wojtyla Sala general 03/12/2013 Compra 3 658 BAT 89293 03/12/2013 Libro General 24/05/2024 151000000000000000020705 05/10/2019 2
    Dewey Decimal Classification     Biblioteca Karol Wojtyla Biblioteca Karol Wojtyla Sala general 03/12/2013 Compra   658 BAT 68376 03/12/2013 Libro General 05/01/2026 151000000000000000020702    
    Dewey Decimal Classification     Biblioteca Karol Wojtyla Biblioteca Karol Wojtyla Sala general 03/12/2013 Compra 3 658 BAT 74213 03/12/2013 Libro General 05/01/2026 151000000000000000020701 23/05/2019 2
    Dewey Decimal Classification     Biblioteca Karol Wojtyla Biblioteca Karol Wojtyla Sala general 03/12/2013 Compra   658 BAT 69680 03/12/2013 Libro General 05/01/2026 151000000000000000020703    
    Dewey Decimal Classification     Tehuacán Tehuacán Sala general 03/12/2013 Compra   658 BAT 504776 03/12/2013 Libro General 08/01/2025